00339nam a2200133 a 450000500170000000800410001705000210005810000160007924500430009526000340013830000100017265000140018265000090019620140414093840.0070817s19uu xx 00 eng d aDVD 650bDIA v.2 aDiaz, Illac aCNN Today-E.O. Pier one /cIllac Diaz. aSl :b[Unpublished.],cc2005. a1 VCD aBusiness. aSLGE